|
|
|
|
| LEADER |
00741nam a2200229 4500 |
| 020 |
|
|
|a 8120610903
|c 3600.0
|
| 082 |
|
|
|a 934 VIN
|
| 100 |
|
|
|a VINCENT WILLIAM
|
| 245 |
|
|
|a THE COMMERCE AND NAVIGATION OF THE ANCIENT IN THE INDIAN OCEAN VOL II
|h ENGLISH
|
| 250 |
|
|
|
| 260 |
|
|
|a NEWDELHI
|b ASIAN EDUCATIONAL
|c 1998
|
| 300 |
|
|
|a 791 p
|f HB
|
| 500 |
|
|
|a
|
| 501 |
|
|
|a Reference
|
| 538 |
|
|
|a key93
|
| 590 |
|
|
|
| 630 |
|
|
|a INDIAN HISTORY
|
| 650 |
|
|
|a THE COMMERCE AND NAVIGATION OF THE ANCIENT IN THE INDIAN OCEAN VOL II
|
| 700 |
|
|
|
| 942 |
|
|
|c REF
|
| 999 |
|
|
|c 177945
|d 177945
|
| 952 |
|
|
|0 0
|1 0
|4 0
|6 934_000000000000000_VIN
|7 0
|9 191309
|a AGY
|b AGY
|g 3600.00
|l 0
|o 934 VIN
|p AGY2154
|r 2019-10-25
|w 2019-10-25
|y REF
|